Historia de la filosofía : Filosofía moderna y contemporánea
Guardat en:
| Autor principal: | |
|---|---|
| Format: | Llibre |
| Idioma: | Spanish |
| Publicat: |
Buenos Aires, Argentina
Editorial Sudamericana
1944
|
| Matèries: | |
| Etiquetes: |
Afegir etiqueta
Sense etiquetes, Sigues el primer a etiquetar aquest registre!
|
MARC
| LEADER | 00000nam a2200000Ia 4500 | ||
|---|---|---|---|
| 008 | 170316s9999 xx 000 0 spa d | ||
| 040 | |a cru BVZT | ||
| 090 | |a H-100 B-3h v.2 | ||
| 100 | |a Bréhier, Émile | ||
| 245 | |a Historia de la filosofía : Filosofía moderna y contemporánea |c Émile Bréhier | ||
| 260 | |a Buenos Aires, Argentina | ||
| 260 | |b Editorial Sudamericana | ||
| 260 | |c 1944 | ||
| 300 | |a 979 páginas. Tomo II | ||
| 650 | |a FILOSOFÍA |9 5 | ||
| 650 | |a HISTORIA |9 90 | ||
| 650 | |a SIGLO XVII | ||
| 650 | |a FRANCISCO BACON | ||
| 650 | |a FILOSOFÍA EXPERIMENTAL | ||
| 650 | |a DESCARTES Y EL CARTESIANISMO | ||
| 650 | |a PASCAL | ||
| 650 | |a TOMAS HOBBES | ||
| 650 | |a SPINOZA | ||
| 650 | |a MALEBRANCHE | ||
| 650 | |a LEIBNITZ | ||
| 650 | |a LOCKE | ||
| 650 | |a BAYLE | ||
| 650 | |a FONTENELLE | ||
| 650 | |a MAESTROS DEL SIGLO XVIII - NEWTON Y LOCKE | ||
| 650 | |a EL DEÍSMO | ||
| 650 | |a LA MORAL DEL SENTIMIENTO | ||
| 650 | |a BERKELEY | ||
| 650 | |a EL RACIONALISMO - LEIBNITZ | ||
| 650 | |a JUAN BAUTISTA VICO | ||
| 650 | |a MONTESQUIEU | ||
| 650 | |a LA FILOSOFÍA DEL ESPÍRITU - CONDILLAC | ||
| 650 | |a HUME | ||
| 650 | |a ADAM SMITH | ||
| 650 | |a TEORÍA DEL ESPÍRITU | ||
| 999 | |c 28870 |d 28870 | ||
| 942 | |c 4 D |h H-100 B-3h v.2 |2 z | ||
